First do no harm : (Record no. 5928)

000 -LEADER
fixed length control field 01048cam a22002897a 4500
003 - CONTROL NUMBER IDENTIFIER
control field OSt
005 - DATE AND TIME OF LATEST TRANSACTION
control field 20220915105425.0
008 - FIXED-LENGTH DATA ELEMENTS--GENERAL INFORMATION
fixed length control field 030126s2003 bcca b 001 0 eng
020 ## - INTERNATIONAL STANDARD BOOK NUMBER
International Standard Book Number 0774810165
040 ## - CATALOGING SOURCE
Transcribing agency ALUPE UNIVERSITY
042 ## - AUTHENTICATION CODE
Authentication code lccopycat
043 ## - GEOGRAPHIC AREA CODE
Geographic area code n-cn---
050 00 - LIBRARY OF CONGRESS CALL NUMBER
Classification number RA395
Item number .S84 2003
055 #3 - CLASSIFICATION NUMBERS ASSIGNED IN CANADA
Classification number RA395.C3
Item number S92 2002
100 1# - MAIN ENTRY--PERSONAL NAME
Personal name Sullivan, Terrence James,
Dates associated with a name 1951-
245 10 - TITLE STATEMENT
Title First do no harm :
Remainder of title making sense of Canadian health reform /
Statement of responsibility, etc. Terrence Sullivan, Patricia M. Baranek ; with Malcolm Anderson ... [et al.].
260 ## - PUBLICATION, DISTRIBUTION, ETC.
Place of publication, distribution, etc. Vancouver :
Name of publisher, distributor, etc. UBC Press,
Date of publication, distribution, etc. c2003.
300 ## - PHYSICAL DESCRIPTION
Extent xii, 108 p. :
Other physical details ill. ;
Dimensions 23 cm.
504 ## - BIBLIOGRAPHY, ETC. NOTE
Bibliography, etc. note Includes bibliographical references (p. 94-104) and index.
650 #0 - SUBJECT ADDED ENTRY--TOPICAL TERM
Topical term or geographic name entry element Health care reform
Geographic subdivision Canada.
650 #6 - SUBJECT ADDED ENTRY--TOPICAL TERM
Topical term or geographic name entry element Santé, Services de
General subdivision Réforme
Geographic subdivision Canada.
700 1# - ADDED ENTRY--PERSONAL NAME
Personal name Baranek, Patricia M.
700 1# - ADDED ENTRY--PERSONAL NAME
Personal name Anderson, Malcolm.
906 ## - LOCAL DATA ELEMENT F, LDF (RLIN)
a 7
b cbc
c copycat
d 2
e ncip
f 20
g y-gencatlg
942 ## - ADDED ENTRY ELEMENTS (KOHA)
Source of classification or shelving scheme
Koha item type Book
Suppress in OPAC SO
Holdings
Withdrawn status Lost status Source of classification or shelving scheme Damaged status Not for loan Permanent Location Current Location Shelving location Date acquired Source of acquisition Total Checkouts Full call number Barcode Date last seen Price effective from Koha item type Public note
          AU LIBRARY AU LIBRARY Open Shelf 15.09.2022 DONATION FROM MOI UNIVERSITY   RA395 .S84 2003 28008304 15.09.2022 15.09.2022 Book SO

Powered by Koha